000
00290nam a22001337a 4500
008
180924b xxu||||| |||| 00| 0 eng d
020
_a
9780807834381
041
_a
eng
080
_a
621
100
_a
26
101
_a
ENG
245
_a
Engines Of Innovation
_c
Thorp H
942
_2
udc
_c
BK
999
_c
48346
_d
48346